| 000 | 00702cam a2200217 u 4500 | ||
|---|---|---|---|
| 003 | MX-MxUPN | ||
| 005 | 20231009141841.0 | ||
| 008 | 191016s2006 mx b fr 000 0 spa d | ||
| 035 | _aUPN01000233463 | ||
| 040 |
_aMX-MxUPN _bspa |
||
| 050 | 4 |
_aPQ7134 C5 _bR56 2006 |
|
| 100 | 1 |
_aRíos Hernández, Onésimo _941698 |
|
| 245 | 1 | 0 | _aBreviario etnográfico de las narraciones de niñas y niños indígenas de México |
| 260 |
_aMéxico : _b[Editor no identificado], _c2006. |
||
| 300 |
_a184 páginas : _bmapas |
||
| 650 | 4 |
_950187 _aNiños como autores _xMéxico |
|
| 650 | 2 |
_924045 _aNiños indígenas _zMéxico |
|
| 902 | _bVíctorGodínez/091023 | ||
| 942 |
_2lcc _cLIBRO |
||
| 999 |
_c205558 _d205558 |
||